000 00345nam a2200145Ia 4500
008 150201s2002 xx 000 0 und d
082 _a612
_bR2002P
100 _aPANDA,U.N.
245 _aREVIEW OF PHYSIOLOGY
250 _a2ND
260 _bJAYPEE MEDICAL PUBLISHER
_aDELHI
_c2002
300 _a1-213
650 _aPHYSIOLOGY
942 _2ddc
_cBK
999 _c2495
_d2495